Statistics for Super Bowl Losing QBs

Click here to take the quiz!

General Stats

  • This quiz has been taken 18,933 times
    (2,004 since last reset)
  • The average score is 25 of 41

Answer Stats

YearsQuarterback% Correct
2007, 2011, 2017Tom Brady
100%
2009, 2013Peyton Manning
98%
2014Russell Wilson
97%
2015Cam Newton
96%
2016Matt Ryan
93%
2010Ben Roethlisberger
93%
2019Jimmy Garoppolo
90%
1997Brett Favre
88%
2018Jared Goff
88%
1986, 1987, 1989John Elway
88%
2001, 2008Kurt Warner
88%
2012Colin Kaepernick
87%
1984Dan Marino
85%
1990, 1991, 1992, 1993Jim Kelly
83%
2004Donovan McNabb
79%
1975, 1978Roger Staubach
73%
1996Drew Bledsoe
73%
2005Matt Hasselbeck
67%
1973, 1974, 1976Fran Tarkenton
65%
1999Steve McNair
65%
1983Joe Theismann
60%
1971Bob Griese
58%
2006Rex Grossman
56%
1988Boomer Esiason
56%
1966Len Dawson
55%
2002Rich Gannon
54%
2003Jake Delhomme
51%
2000Kerry Collins
44%
1981Ken Anderson
43%
1980Ron Jaworski
37%
1995Neil O'Donnell
34%
1985Tony Eason
31%
1998Chris Chandler
29%
1994Stan Humphries
27%
1968Earl Morrall
27%
1970, 1977Craig Morton
25%
1967Daryle Lamonica
22%
1979Vince Ferragamo
21%
1982David Woodley
20%
1972Billy Kilmer
20%
1969Joe Kapp
20%

Score Distribution

Percentile by Number Answered

Percent of People with Each Score

Your Score History

You have not taken this quiz since the last reset